Get the Picture: Comparing Apples to Oranges Quiz Stats

 Plays Quiz Updated Sep 18, 2019

Score 0/12 Timer 02:30
4 Plays Today
Question Answer Wrong Answers
Which is a citrus fruit? Oranges
98.6%
Apples
0.6%
Which fruit is most associated with Sir Isaac Newton? Apples
97%
Oranges
0.9%
A poisoned version of which fruit was given to Snow White? Apples
96.2%
Oranges
0.3%
Which is higher in vitamin C? Oranges
96.1%
Apples
2.6%
Which is the fruit of the best selling juice in the United States? Oranges
92.9%
Apples
6.5%
Which fruit is associated with a record label started by the Beatles? Apples
90.4%
Oranges
9.5%
Which fruit is in the same taxonomic family as roses? Apples
87.3%
Oranges
9.3%
Which fruit has varieties such as Cortland and Braeburn? Apples
85%
Oranges
11.4%
Which fruit is the surname of a singer who won a Grammy for her song 'Criminal' in 1998? Apples
81.7%
Oranges
14.7%
Which fruit is in the name of one of the New Year's Six College Football Bowl Games? Oranges
80.5%
Apples
16.9%
Which is in the missing fruit from ____ Julius, a brand owned by Dairy Queen? Oranges
79.6%
Apples
18.7%
Which fruit is associated with William III of England? Oranges
46.9%
Apples
50.2%

Today's Daily Dose

Missing Word
Sherlocks

Word Ladder
King of the Hill

Quick Pick
Songs in Pink

Get the Picture
NBA Teammates

You're not logged in!

Compare scores with friends on all Sporcle quizzes.
OR
Log In

Sporcle TV

Today on Sporcle TV


Watch our educational content, quiz creation guides, and fun videos on Sporcle TV.

Show Comments

Extras

Top Quizzes Today


Score Distribution

Your Account Isn't Verified!

In order to create a playlist on Sporcle, you need to verify the email address you used during registration. Go to your Sporcle Settings to finish the process.

Report this User

Report this user for behavior that violates our Community Guidelines.

Details: